000 00371nam a22001457a 4500
005 20171219121500.0
008 171219b xxu||||| |||| 00| 0 eng d
040 _cPK-LaUMT
082 _aPKAC 297
_bHAM-I
100 _aHammudah Abdalati
245 _aIslam in focus/
_cHammudah Abdalati
260 _aIslamabad:
_bDawah academy,
_c[ ]
300 _a211 p.
942 _cBK
999 _c100861
_d100861